000 00787cam a22002771 4500
001 979221
003 ARRUPE
005 20150113020009.0
008 730109s1959 ctu 000 0 eng
010 _a 59006796 //r893
020 _a0300017405 (pbk.)
035 _a(OCoLC)ocm00373582
040 _aDLC
_cDLC
_dm.c.
_dZCU
041 1 _aengger
050 0 _aBD331
_b.H4313
082 _a111
099 _a111
_aH36383
100 1 _aHeidegger, Martin,
_d1889-1976.
_913732
240 1 0 _aEinführung in die Metaphysik.
_lEnglish
245 0 3 _aAn introduction to metaphysics.
_cTranslated by Ralph Manheim.
260 _aNew Haven,
_bYale University Press,
_c1959.
300 _axi, 214 p.
_c22 cm.
650 0 _aOntology.
_913733
942 _2lcc
_cMONOGRAPH
_01
999 _c121592
_d121592